000 00322nam a22001457a 4500
008 230911b ||||| |||| 00| 0 eng d
020 _a0391008609
041 _aeng
080 _2FIRST EDITION
_a159.9
082 _a159.9TEL
100 _a25
101 _aPSI
245 _aMELANCHOLY
_cTELLENBACH .H
942 _2udc
_cBK
999 _c60302
_d60302